Welcome to Marium Abdulla Library

Embrace knowledge with a breath of fresh air.

Browse Collection

Marium Abdulla Library

Sovereign attachments : (Record no. 15172)

MARC details
000 -LEADER
fixed length control field 02759cam a22004218i 4500
001 - CONTROL NUMBER
control field 21822410
003 - CONTROL NUMBER IDENTIFIER
control field IVS
005 - DATE AND TIME OF LATEST TRANSACTION
control field 20250626031039.0
008 - FIXED-LENGTH DATA ELEMENTS--GENERAL INFORMATION
fixed length control field 201123s2021 cau b 001 0 eng
010 ## - LIBRARY OF CONGRESS CONTROL NUMBER
LC control number 2020053084
020 ## - INTERNATIONAL STANDARD BOOK NUMBER
International Standard Book Number 9780520336797
Qualifying information (hardback)
020 ## - INTERNATIONAL STANDARD BOOK NUMBER
International Standard Book Number 9780520336803
Qualifying information (paperback)
020 ## - INTERNATIONAL STANDARD BOOK NUMBER
Canceled/invalid ISBN 9780520974395
Qualifying information (ebook)
040 ## - CATALOGING SOURCE
Original cataloging agency CU-S/DLC
Language of cataloging eng
Description conventions rda
Transcribing agency DLC
042 ## - AUTHENTICATION CODE
Authentication code pcc
043 ## - GEOGRAPHIC AREA CODE
Geographic area code a-pk---
050 00 - LIBRARY OF CONGRESS CALL NUMBER
Classification number JC49
Item number .K527 2021
082 00 - DEWEY DECIMAL CLASSIFICATION NUMBER
Classification number 320.954 KHO
Edition information 23
Item number 21508
100 1# - MAIN ENTRY--PERSONAL NAME
Personal name Khoja-Moolji, Shenila,
Dates associated with a name 1982-
Relator term author.
245 10 - TITLE STATEMENT
Title Sovereign attachments :
Remainder of title masculinity, Muslimness, and affective politics in Pakistan /
Statement of responsibility, etc. Shenila Khoja-Moolji.
263 ## - PROJECTED PUBLICATION DATE
Projected publication date 2106
264 #1 - PRODUCTION, PUBLICATION, DISTRIBUTION, MANUFACTURE, AND COPYRIGHT NOTICE
Place of production, publication, distribution, manufacture Oakland, California :
Name of producer, publisher, distributor, manufacturer University of California Press,
Date of production, publication, distribution, manufacture, or copyright notice [2021]
300 ## - PHYSICAL DESCRIPTION
Extent pages cm
336 ## - CONTENT TYPE
Content type term text
Content type code txt
Source rdacontent
337 ## - MEDIA TYPE
Media type term unmediated
Media type code n
Source rdamedia
338 ## - CARRIER TYPE
Carrier type term volume
Carrier type code nc
Source rdacarrier
504 ## - BIBLIOGRAPHY, ETC. NOTE
Bibliography, etc. note Includes bibliographical references and index.
505 0# - FORMATTED CONTENTS NOTE
Formatted contents note Introduction : the public lives of sovereignty -- Narrating the sovereign : the head of the state -- Identity, alterity : the soldier-militant dyad -- Competing sovereigns : the mujahid -- Subordinated femininities : militant and military women -- Kinship metaphors : the beti and behan -- Managing affect : the mourning mother -- Conclusion : imbricated sovereignties.
520 ## - SUMMARY, ETC.
Summary, etc. "Sovereign Attachments rethinks sovereignty by moving it out of the exclusive domain of geopolitics and legality, and into cultural, religious, and gender studies. Through a close reading of a stunning array of cultural texts produced by the Pakistani state and the Pakistan-based Taliban, Khoja-Moolji theorizes sovereignty as an ongoing attachment negotiated in public culture. Both the state and the Taliban recruit publics into relationships of trust, protection, and fraternity by summoning models of Islamic masculinity, mobilizing kinship metaphors, and marshalling affect. In particular, masculinity and Muslimness emerge as salient performances through which sovereign attachments are harnessed. The book shifts the discussion of sovereignty away from questions around absolute dominance to ones about shared repertoires, entanglements, and co-constitution"--
Assigning source Provided by publisher.
650 #0 - SUBJECT ADDED ENTRY--TOPICAL TERM
Topical term or geographic name entry element Sovereignty
General subdivision Religious aspects
-- Islam.
650 #0 - SUBJECT ADDED ENTRY--TOPICAL TERM
Topical term or geographic name entry element Masculinity
General subdivision Political aspects.
650 #0 - SUBJECT ADDED ENTRY--TOPICAL TERM
Topical term or geographic name entry element Identity politics
Geographic subdivision Pakistan.
651 #0 - SUBJECT ADDED ENTRY--GEOGRAPHIC NAME
Geographic name Pakistan
General subdivision Politics and government.
776 08 - ADDITIONAL PHYSICAL FORM ENTRY
Relationship information Online version:
Main entry heading Khoja-Moolji, Shenila, 1982-
Title Sovereign attachments
Place, publisher, and date of publication Oakland, California : University of California Press, [2021]
International Standard Book Number 9780520974395
Record control number (DLC) 2020053085
906 ## - LOCAL DATA ELEMENT F, LDF (RLIN)
a 7
b cbc
c orignew
d 1
e ecip
f 20
g y-gencatlg
942 ## - ADDED ENTRY ELEMENTS (KOHA)
Source of classification or shelving scheme Dewey Decimal Classification
Koha item type Book
Suppress in OPAC No
Holdings
Date last seen Total checkouts Full call number Barcode Price effective from Koha item type Lost status Source of classification or shelving scheme Damaged status Not for loan Collection Withdrawn status Home library Current library Shelving location Date acquired Source of acquisition Cost, normal purchase price
11/28/2024   320.954 KHO 21508 11/28/2024 Book   Dewey Decimal Classification     Liberal Arts   Marium Abdulla Library Marium Abdulla Library Non-Ref 11/28/2024 Progressive 9787.00